Groups of Things - History - Statistics

General Stats
  • This quiz has been taken 470 times
  • The average score is 9 of 38
Answer Stats
Hint Answer % Correct
Last US States to be Inducted Hawaii
88%
Alaska
87%
Great Khans Genghis
82%
Gunpowder
75%
Papermaking
74%
Constantinople
66%
New Mexico
65%
Kublai
64%
Arizona
58%
Chinese Great Inventions Printing
49%
Compass
42%
Oklahoma
35%
Macau
34%
Iroquois "Six Nations" Mohawk
27%
Haile Selassie
22%
Seneca
14%
Timor-Leste
13%
Oneida
11%
Cayuga
7%
Onondaga
6%
Ögedei
4%
Tuscarora
4%
Bursa
3%
Edirne
3%
Roman Currencies Aureus
2%
Malacca
2%
Möngke
2%
Sestertius
2%
Solidus
2%
Toghon Temür
2%
Victor Emmanuel III
2%
Last Ethiopian Emperors (1913-1974) Amha Selassie
1%
Portuguese Colonies in Asia-Pacific Flores
1%
Güyük
1%
Iyasu V
1%
Zewditu I
1%
Moluccas
0%
Capitals of the Ottoman Empire Söğüt
0%
No matching quizzes found
Score Distribution
Percent of People with Each Score
Percentile by Number Answered
Your Score History
You have not taken this quiz